000 00627nam a2200193Ia 4500
005 20260114185648.0
008 008 260114s9999 xx 000 0 eng d
020 _a9780755623921
037 _aEBOOK
040 _aCRL
_beng
_cCRL
041 _aeng
_2eng
084 _qCRL
100 _aAndrew Tait Jarboe and Richard S. Fogarty
_9872834
245 0 _aEmpires in World War I Shifting Frontiers and Imperial Dynamics in a Global Conflict
260 _bBloomsbury
_c2014
856 _uhttps://doi.org/10.5040/9780755623921?locatt=label:secondary_bloomsburyCollections
942 _cEBOOK
999 _c1471782
_d1471782